000 00287nam a2200109Ia 4500
008 191201s2012 xx 000 0 und d
100 _aSHARMA,Pooja
245 0 _aCommunicating effectively in english 2nd Sem
260 _c2012
_bNORTH PUB.
_aNEW DELHI
300 _a352
942 _2ddc
_cBK
_05
999 _c8084
_d8084